000
00233 a2200097 4500
000
nam a22 7a 4500
005
20260129170908.0
100
_a
Eagleman, David
_9
1112843
245
_a
The Brain: The Story of You
942
_c
TEXL
999
_c
1678389
_d
1678389